[Event "Pia Cramling Ladies Open 2018"]
[Site "Stockholm"]
[Date "2018.09.01"]
[Round "3"]
[White "Ostensson, Julia"]
[Black "Johansson, Eva"]
[Result "0-1"]
[WhiteElo "1375"]
[BlackElo "1881"]
[Annotator "NA"]
[PlyCount "102"]
[EventDate "2018.09.01"]
[EventType "swiss"]
[EventCountry "SWE"]
[SourceTitle "playchess.com"]
[Source "ChessBase"]
[SourceQuality "1"]
[TimeControl "1800+10"]

1. e4 {[%emt 0:00:00]} d6 {[%emt 0:00:00]} 2. d4 {[%emt 0:00:04]} Nf6 {[%emt 0:00:00]} 3. Bd3 {[%emt 0:00:34]} g6 {[%emt 0:00:12]} 4. Bg5 {[%emt 0:00:34]} Bg7 {[%emt 0:00:16]} 5. Nf3 {[%emt 0:00:57]} O-O {[%emt 0:00:30] B07: Pirc Defence: Miscellaneous Systems} 6. h3 {[%emt 0:00:38]} c5 {[%emt 0:00:49]} 7. c3 {[%emt 0:01:10]} Nc6 {[%emt 0:01:12]} (7... h6 8. Be3 Qc7 9. Nbd2 b6 10. O-O Ba6 11. c4 cxd4 12. Nxd4 Nbd7 13. Rc1 Nc5 {0-1 (45) Costachi,M (2361)-Deac,B (2402) Calimanesti 2015}) 8. d5 {[%emt 0:01:38]} Nb8 {[%emt 0:00:02]} 9. Qd2 {[%emt 0:00:56]} c4 $146 {[%emt 0:01:32]} ({Predecessor:} 9... Re8 10. c4 Na6 11. a3 Nc7 12. Nc3 e6 13. O-O-O exd5 14. exd5 {0-1 (37) Flitney,A-Ginat,M Melbourne 1982}) 10. Bxf6 {[%emt 0:01:02]} Bxf6 {[%emt 0:00:02]} 11. Bxc4 {[%emt 0:00:03]} Nd7 {[%emt 0:00:28]} 12. Qe2 {[%emt 0:01:19]} Qb6 {[%emt 0:01:02]} 13. O-O {[%emt 0:02:31]} Bg7 {[%emt 0:00:55]} 14. Bb3 {[%emt 0:00:55]} Nc5 {[%emt 0:00:17]} 15. Nbd2 {[%emt 0:00:16]} a5 {[%emt 0:01:02]} 16. Rab1 {[%emt 0:01:34]} Bd7 {[%emt 0:01:00]} 17. Qe3 {[%emt 0:01:08]} Qc7 {[%emt 0:00:40]} 18. Bc2 {[%emt 0:01:02]} a4 {[%emt 0:00:48]} 19. Rbc1 {[%emt 0:01:45]} Bb5 {[%emt 0:02:45]} 20. Rfe1 {[%emt 0:00:52]} Nd7 {[%emt 0:01:14]} 21. c4 {[%emt 0:00:11]} Ba6 {[%emt 0:01:01]} 22. Bxa4 {[%emt 0:00:30]} Bxb2 {[%emt 0:00:03]} 23. Rc2 {[%emt 0:00:29]} Bg7 {[%emt 0:00:09]} 24. Rec1 {[%emt 0:01:32]} Rfc8 {[%emt 0:01:16]} 25. Bxd7 {[%emt 0:00:25]} Qxd7 {[%emt 0:00:01]} 26. Qf4 {[%emt 0:00:51]} h6 {[%emt 0:01:29]} 27. e5 {[%emt 0:00:47]} g5 {[%emt 0:02:00]} 28. Qxf7+ {[%emt 0:02:57]} Kxf7 $17 {[%emt 0:00:18]} 29. e6+ {[%emt 0:00:02]} Ke8 {[%emt 0:00:00]} 30. exd7+ {[%emt 0:00:02]} Kxd7 {[%emt 0:00:02]} 31. Re1 {[%emt 0:00:28]} b5 32. Re4 {[%emt 0:01:29]} Bb7 {[%emt 0:01:12]} 33. Ne1 {[%emt 0:00:56]} Bf6 {[%emt 0:03:29]} 34. g3 {[%emt 0:00:45]} Ra7 {[%emt 0:00:53]} 35. Kg2 {[%emt 0:00:14]} Rca8 {[%emt 0:00:16]} 36. cxb5 {[%emt 0:01:45]} Bxd5 {[%emt 0:00:11]} 37. b6 {[%emt 0:00:51]} Rb7 {[%emt 0:00:07]} 38. f3 {[%emt 0:00:41]} Bxe4 {[%emt 0:00:22]} 39. Nxe4 {[%emt 0:00:06]} Rxb6 {[%emt 0:00:05]} 40. Nxf6+ {[%emt 0:00:58]} exf6 {[%emt 0:00:02]} 41. Nd3 {[%emt 0:00:06]} Rba6 {[%emt 0:00:16]} 42. Nb4 {[%emt 0:00:05]} Ra4 {[%emt 0:00:22]} 43. Nd5 {[%emt 0:00:28]} Rxa2 {[%emt 0:00:55]} 44. Nb6+ {[%emt 0:00:53]} Kd8 {[%emt 0:00:03]} 45. Nxa8 {[%emt 0:00:18]} Rxc2+ {[%emt 0:00:03]} 46. Kg1 {[%emt 0:00:01]} Rc6 {[%emt 0:00:05]} 47. Kf2 {[%emt 0:00:03]} Kc8 {[%emt 0:00:03]} 48. Ke3 {[%emt 0:00:01]} Kb7 {[%emt 0:00:01]} 49. f4 {[%emt 0:00:13]} Kxa8 {[%emt 0:00:02]} 50. fxg5 {[%emt 0:00:04]} fxg5 {[%emt 0:00:02]} 51. Kf3 {[%emt 0:00:04]} Rc4 {[%emt 0:00:03]} 0-1

[Event "Pia Cramling Ladies Open 2018"]
[Site "Stockholm"]
[Date "2018.09.01"]
[Round "4"]
[White "Agrest, Inna"]
[Black "Mariano-Wågman, Christine Rose"]
[Result "1-0"]
[WhiteElo "2283"]
[BlackElo "1906"]
[Annotator "NA"]
[PlyCount "113"]
[EventDate "2018.09.01"]
[EventType "swiss"]
[EventCountry "SWE"]
[SourceTitle "playchess.com"]
[Source "ChessBase"]
[SourceQuality "1"]
[TimeControl "1800+10"]

1. e4 {[%emt 0:00:00]} d5 {[%emt 0:00:01]} 2. exd5 {[%emt 0:00:01]} Qxd5 {[%emt 0:00:04]} 3. Nc3 {[%emt 0:00:01]} Qa5 {[%emt 0:00:05]} 4. Bc4 {[%emt 0:00:21]} Nf6 {[%emt 0:00:12]} 5. Nf3 {[%emt 0:00:13]} Bg4 {[%emt 0:00:07]} 6. h3 {[%emt 0:00:30] B01: Skandinavische Verteidigung} Bf5 {[%emt 0:00:04]} (6... Bxf3 7. Qxf3 c6 8. O-O e6 9. d4 Be7 10. Ne4 Nbd7 11. Nxf6+ Nxf6 12. c3 O-O 13. Bf4 Qf5 14. Bd3 Qd5 15. Qe2 Rfd8 16. Be5 Nd7 17. Bg3 Nf6 18. Be5 Nd7 19. Bg3 {½-½ (19) Shanava,K (2556)-Azaladze,S (2443) Poti 2010}) 7. d3 {[%emt 0:00:30]} e6 {[%emt 0:01:20]} 8. Bd2 {[%emt 0:00:30]} c6 {[%emt 0:00:38]} 9. Qe2 {[%emt 0:00:16]} Qc7 {[%emt 0:00:32]} 10. Bb3 $146 {[%emt 0:00:25]} ({Vorgänger:} 10. Nd4 Bg6 11. Bg5 Be7 12. Qe3 h6 13. Bf4 Qb6 {0-1 (54) Michielsen,M-Looijer,C Rijswijk 2010}) 10... Nbd7 {[%emt 0:00:20]} 11. d4 {[%emt 0:05:13]} Be7 {[%emt 0:00:40]} 12. Ne5 {[%emt 0:00:49]} Nxe5 {[%emt 0:01:42]} 13. dxe5 {[%emt 0:00:02]} Nd7 {[%emt 0:00:10]} 14. Bf4 {[%emt 0:00:46]} Bb4 {[%emt 0:00:58]} 15. O-O {[%emt 0:01:40]} Bxc3 {[%emt 0:03:51]} 16. bxc3 {[%emt 0:00:02]} O-O {[%emt 0:01:05]} 17. Rad1 {[%emt 0:00:17]} Nc5 {[%emt 0:00:23]} 18. Bc1 {[%emt 0:00:55]} Qa5 {[%emt 0:00:43]} 19. c4 {[%emt 0:01:22]} Ne4 {[%emt 0:00:24]} 20. Rd4 {[%emt 0:00:36]} Qxe5 {[%emt 0:04:23]} 21. c3 {[%emt 0:01:16]} Bg6 {[%emt 0:04:48]} 22. Re1 {[%emt 0:04:16]} f5 {[%emt 0:00:40]} 23. Rd7 {[%emt 0:01:35]} Rad8 {[%emt 0:07:19]} 24. Rxd8 {[%emt 0:01:28]} Rxd8 {[%emt 0:00:01]} 25. f3 {[%emt 0:00:17]} Qxc3 {[%emt 0:00:56]} 26. fxe4 {[%emt 0:00:16]} fxe4 $1 $11 {[%emt 0:00:04]} 27. Bb2 {[%emt 0:01:26]} Qb4 {[%emt 0:00:18]} 28. Bc1 {[%emt 0:01:02]} c5 $2 {[%emt 0:00:21]} 29. Rd1 {[%emt 0:01:05]} Rf8 {[%emt 0:00:18]} 30. Bc2 {[%emt 0:00:33]} b5 {[%emt 0:00:50]} 31. cxb5 {[%emt 0:00:21]} e5 {[%emt 0:00:52]} 32. a3 {[%emt 0:00:54]} Qc3 {[%emt 0:00:30]} 33. Bxe4 {[%emt 0:00:34]} Be8 {[%emt 0:00:11]} 34. a4 {[%emt 0:00:47]} c4 {[%emt 0:00:11]} 35. Bb2 {[%emt 0:01:10]} Qg3 {[%emt 0:00:05]} 36. Bd5+ {[%emt 0:00:06]} Kh8 {[%emt 0:00:11]} 37. Bxe5 {[%emt 0:00:18]} Qg5 {[%emt 0:00:05]} 38. Bf3 $18 {[%emt 0:02:09]} Bf7 {[%emt 0:00:01]} 39. Bc3 {[%emt 0:00:16]} Re8 {[%emt 0:00:08]} 40. Qd2 {[%emt 0:00:14]} Qg6 {[%emt 0:00:14]} 41. Qd4 {[%emt 0:00:18]} h6 {[%emt 0:00:23]} 42. Qxa7 {[%emt 0:00:14]} Be6 {[%emt 0:00:11]} 43. Qd4 {[%emt 0:00:53]} Rf8 {[%emt 0:00:03]} 44. Be4 {[%emt 0:00:13]} Qg3 {[%emt 0:00:06]} 45. Qe5 {[%emt 0:00:27]} Qe3+ {[%emt 0:00:16]} 46. Kh1 {[%emt 0:00:09]} Rf6 {[%emt 0:00:24]} 47. Qb8+ {[%emt 0:00:17]} Bg8 {[%emt 0:00:20]} 48. Bxf6 {[%emt 0:00:15]} Qxe4 49. Bd4 {[%emt 0:00:29]} Qe2 {[%emt 0:00:05]} 50. Rg1 {[%emt 0:00:07]} Kh7 {[%emt 0:00:00]} 51. Qg3 {[%emt 0:00:05]} Qe7 {[%emt 0:00:08]} 52. Re1 {[%emt 0:00:05]} Qd7 {[%emt 0:00:03]} 53. Bc3 {[%emt 0:00:03]} Bd5 {[%emt 0:00:03]} 54. b6 {[%emt 0:00:09]} g5 {[%emt 0:00:02]} 55. a5 {[%emt 0:00:05]} Qb7 {[%emt 0:00:01]} 56. Qf2 {[%emt 0:00:10]} Be6 {[%emt 0:00:07]} 57. Rxe6 {[%emt 0:00:02]} 1-0

[Event "Pia Cramling Ladies Open 2018"]
[Site "Stockholm"]
[Date "2018.09.01"]
[Round "4"]
[White "Bengtsson, Siv"]
[Black "Olsson, Linn"]
[Result "1-0"]
[WhiteElo "2111"]
[BlackElo "1703"]
[Annotator "NA"]
[PlyCount "59"]
[EventDate "2018.09.01"]
[EventType "swiss"]
[EventCountry "SWE"]
[SourceTitle "playchess.com"]
[Source "ChessBase"]
[SourceQuality "1"]
[TimeControl "1800+10"]

1. e4 {[%emt 0:00:00]} e5 {[%emt 0:00:20]} 2. Nf3 {[%emt 0:00:06]} Nc6 {[%emt 0:00:11]} 3. Bb5 {[%emt 0:00:04]} d6 {[%emt 0:00:16]} 4. d4 {[%emt 0:00:51]} exd4 {[%emt 0:01:40]} 5. Nxd4 {[%emt 0:02:12]} Bd7 {[%emt 0:00:18]} 6. O-O {[%emt 0:01:02]} Nf6 {[%emt 0:00:26]} 7. Nc3 {[%emt 0:01:07]} g6 {[%emt 0:02:06]} 8. Nxc6 {[%emt 0:02:26]} bxc6 {[%emt 0:00:36]} 9. Bc4 {[%emt 0:00:27]} Bg7 {[%emt 0:00:37]} 10. Bg5 {[%emt 0:01:24]} O-O {[%emt 0:01:04]} 11. Qd2 {[%emt 0:01:56]} Qc8 {[%emt 0:03:10]} 12. Rad1 Be6 {[%emt 0:01:46]} 13. Bb3 $11 {[%emt 0:05:16]} Re8 {[%emt 0:02:55]} 14. f3 {[%emt 0:03:31]} Bxb3 {[%emt 0:01:10]} 15. axb3 {[%emt 0:00:11]} Re5 {[%emt 0:00:42]} 16. Rfe1 {[%emt 0:05:35]} Qe8 {[%emt 0:05:41]} 17. Bf4 {[%emt 0:00:18]} Rh5 {[%emt 0:01:38]} 18. Ne2 {[%emt 0:00:56]} Qe6 {[%emt 0:01:32]} 19. Nd4 {[%emt 0:00:40]} Qd7 {[%emt 0:00:25]} 20. Qe2 {[%emt 0:01:50]} c5 {[%emt 0:00:19]} 21. Nb5 {[%emt 0:00:12]} a6 {[%emt 0:00:12]} 22. Nc3 {[%emt 0:00:04]} Qe6 {[%emt 0:01:26]} 23. g4 {[%emt 0:00:37]} Bh6 {[%emt 0:01:24]} 24. gxh5 {[%emt 0:00:15]} Bxf4 {[%emt 0:00:04]} 25. hxg6 {[%emt 0:00:14]} hxg6 {[%emt 0:00:16]} 26. Nd5 {[%emt 0:00:03]} Nh5 {[%emt 0:00:39]} 27. Nxc7 {[%emt 0:00:26]} Bxh2+ {[%emt 0:00:08]} 28. Qxh2 {[%emt 0:00:16]} Qc8 {[%emt 0:01:00]} 29. Nxa8 {[%emt 0:00:02]} Qxa8 {[%emt 0:00:01]} 30. Qxd6 {[%emt 0:00:06]} 1-0

[Event "Pia Cramling Ladies Open 2018"]
[Site "Stockholm"]
[Date "2018.09.01"]
[Round "4"]
[White "Johansson, Viktoria"]
[Black "Hunt, Harriet V"]
[Result "1/2-1/2"]
[WhiteElo "2106"]
[BlackElo "2439"]
[Annotator "TA"]
[PlyCount "179"]
[EventDate "2018.09.01"]
[EventType "swiss"]
[EventCountry "SWE"]
[SourceTitle "playchess.com"]
[Source "ChessBase"]
[SourceQuality "1"]

{[%evp 17,179,7,8,-18,-23,-12,31,8,8,16,18,21,71,0,0,-56,-59,-64,-43,-45,-41,-43,-42,-45,-51,-49,-43,-131,-113,-151,-127,-226,-189,-243,-186,-258,-247,-250,-103,-102,-100,-483,-107,-140,-126,-184,-149,-154,-64,-237,-217,-231,-136,-387,-378,-362,-224,-264,-212,-264,-56,-56,-58,-47,-55,-57,-55,-56,-55,-57,-59,-55,-72,-61,-66,-64,0,0,0,-14,-14,-14,-12,-14,-14,-12,-8,-14,-8,-8,-8,-8,0,-2,0,-35,0,-10,0,0,0,-8,0,0,0,-8,-8,-31,0,0,0,0,0,0,0,0,0,0,0,0,0,0,0,0,4610,0,0,0,0,0,0,0,0,0,0,0,0,0,0,0,0,0,0,0,0,0,0,0,0,0,0,0,0,0,0,0,0,0,0,0,0,0,0,0]} 1. d4 Nf6 2. c4 e6 3. Nc3 Bb4 4. e3 b6 5. Bd3 Bb7 6. Nf3 Ne4 7. O-O Bxc3 8. bxc3 f5 9. Qc2 O-O {LiveBook: 297 Games} 10. Rb1 {E43: Nimzo-Indian: Rubinstein: 4...b6} (10. c5 bxc5 11. Ne1 cxd4 12. cxd4 Nc6 13. Ba3 Rf6 14. Rb1 Rb8 15. Nf3 Rg6 16. Rfc1 Nf6 17. Bf1 Nd5 {½-½ (32) Wang,Y (2706)-Bu,X (2713) China 2017}) 10... c5 11. Nd2 $146 ({Predecessor:} 11. a4 Qc7 12. a5 d6 13. Nd2 Nxd2 14. Bxd2 Nd7 15. Rb2 bxa5 16. Ra1 Nb6 17. Rxa5 Be4 18. Bxe4 fxe4 19. Qb3 Nxc4 20. Qxc4 Qxa5 21. Qxe6+ Kh8 22. Ra2 Qc7 23. Qxe4 Qf7 {0-1 (23) Uhlmann,W-Botvinnik,M Munich 1958}) 11... Qh4 12. f3 {White is slightly better.} Nxd2 13. Bxd2 Nc6 14. Be1 Qg5 15. f4 (15. dxc5 $1 $16 Ne5 16. f4 Qxg2+ 17. Qxg2 Bxg2 18. fxe5 Bxf1 19. Bxf1) 15... Qe7 $11 16. Rf3 ({Better is} 16. e4 $11) 16... Na5 $15 17. Rh3 g6 18. Bh4 Qd6 19. Qe2 Rac8 20. Bg5 Rf7 21. Rd1 Qc6 22. Rc1 (22. Rh6 $15) 22... Qa4 $1 $17 23. Rh6 Be4 24. h4 (24. Bxe4 $17 {was worth a try.} fxe4 25. h4) 24... Bxd3 $19 25. Qxd3 Qxc4 26. Qd2 (26. Rd1 {was necessary.}) 26... cxd4 27. exd4 Nc6 (27... Nb7 $19 {is more deadly. Threatens to win with ...Nd6.} 28. Qb2 Nd6) 28. h5 $17 gxh5 {White must now prevent ...Nxd4!} 29. Bf6 $2 {[%mdl 8192] [#]} (29. Re1 $17 {is a better chance.}) 29... Rcf8 $2 (29... Rxf6 $1 $19 30. Rxf6 Kg7) 30. Be5 Nxe5 31. fxe5 (31. dxe5 $17 Kh8 32. Kh2) 31... Rg7 32. Rxh5 f4 (32... Kf7 $17 33. Rf1 Rfg8) 33. Kf2 $2 (33. Rf1 $1 $15) 33... Qd5 $19 ({But not} 33... f3 34. g3) 34. Rg1 Qe4 (34... b5 $19 35. a3 Kh8) 35. Rh2 $2 {[%mdl 8192]} (35. Rh3 $17 {was forced.}) 35... Rg3 36. Rh3 Re3 37. Rf3 Kh8 38. Rh1 {[#]} Rc8 $2 (38... Rg8 $1 $19 {[%mdl 512] ( -> ...Rxg2+!)} 39. Rhh3 Rg4) 39. Rh4 $1 $15 Rxf3+ 40. gxf3 {[#]} Qe3+ $1 {[%mdl 512]} 41. Qxe3 fxe3+ 42. Kxe3 Rxc3+ {[%mdl 4096] Endgame KR-KR} 43. Ke4 Rc2 44. Rf4 Kg7 45. Rg4+ Kf7 46. Rh4 Ke7 (46... Rxa2 $15 47. Rxh7+ Ke8) 47. Rxh7+ $11 Kd8 48. d5 Re2+ 49. Kd3 Rxe5 50. dxe6 Rxe6 51. f4 Re7 52. Rh6 Kc7 53. Kd4 Re2 54. a3 $1 Ra2 55. Rh3 Kd6 56. Rh6+ Kc7 57. Rh3 a5 58. Ke5 Re2+ 59. Kd5 Rd2+ 60. Ke5 Re2+ 61. Kd5 Rf2 62. Ke5 b5 63. f5 Kb6 64. Rd3 Kc7 65. Rc3+ Kb6 66. Rd3 a4 67. Rxd7 Rf3 68. f6 Kc6 69. Rd6+ Kc5 70. Rd8 Kc4 $2 {[%mdl 8192] [#]} (70... Re3+ $11 71. Kf4 Re1) 71. Ke6 $2 ({White must play} 71. Rd4+ $1 $18 Kc5 72. Rg4) 71... Rxa3 {The position is equal.} 72. f7 Re3+ 73. Kd6 Rd3+ 74. Ke7 Re3+ 75. Kd6 Rd3+ 76. Ke7 Rf3 77. f8=Q Rxf8 78. Rxf8 {KR-KPP} a3 79. Rf4+ Kb3 80. Rf3+ Ka4 {And now ...b4 would win.} 81. Kd6 a2 82. Rf8 Kb3 83. Rf3+ Kb2 84. Rf2+ Ka3 85. Rf3+ Kb4 86. Rf4+ Kc3 87. Rf3+ Kb2 88. Rf2+ Kb3 {[#]} 89. Rxa2 $1 {[%mdl 512]} Kxa2 90. Kc5 {Precision: White = 47%, Black = 59%.} 1/2-1/2

[Event "Pia Cramling Ladies Open 2018"]
[Site "Stockholm"]
[Date "2018.09.01"]
[Round "4"]
[White "Cramling Bellon, Anna"]
[Black "Tetenkina, Irina"]
[Result "1-0"]
[WhiteElo "2009"]
[BlackElo "2214"]
[Annotator "NA"]
[PlyCount "77"]
[EventDate "2018.09.01"]
[EventType "swiss"]
[EventCountry "SWE"]
[SourceTitle "playchess.com"]
[Source "ChessBase"]
[SourceQuality "1"]
[TimeControl "1800+10"]

1. d4 {[%emt 0:00:00]} d5 {[%emt 0:00:00]} 2. c4 {[%emt 0:00:00]} e6 {[%emt 0:00:00]} 3. Nc3 {[%emt 0:00:08]} Nf6 {[%emt 0:00:00]} 4. cxd5 {[%emt 0:00:06]} exd5 {[%emt 0:00:00]} 5. Bg5 {[%emt 0:00:04]} Be7 {[%emt 0:00:10]} 6. e3 {[%emt 0:00:02]} O-O {[%emt 0:00:14]} 7. Bd3 {[%emt 0:00:02]} Nbd7 {[%emt 0:00:45]} 8. Qc2 {[%emt 0:01:29]} c6 {[%emt 0:00:43]} 9. Nf3 {[%emt 0:00:10]} Re8 {[%emt 0:00:59]} 10. O-O {[%emt 0:00:09]} Nf8 {[%emt 0:02:28] LiveBook: 2384 Games} 11. h3 {[%emt 0:00:23]} Ne4 {[%emt 0:02:28]} 12. Bxe7 {[%emt 0:02:53]} Qxe7 {[%emt 0:00:05]} 13. Bxe4 {[%emt 0:02:21]} dxe4 {[%emt 0:00:05]} 14. Nd2 {[%emt 0:00:08]} Bf5 {[%emt 0:02:51] D36: Queen's Gambit Declined: Exchange Variation: Main line (5 Bg5 c6 6 Qc2)} 15. f4 {[%emt 0:05:40]} h5 {[%emt 0:06:13]} 16. Qd1 $146 {[%emt 0:02:36]} ({Predecessor:} 16. a3 Nh7 17. b4 Nf6 18. Nc4 Nd5 19. Rac1 Rad8 20. Qe2 h4 21. Ne5 g6 22. Rc2 Kg7 23. Nxd5 Rxd5 24. Rc5 a5 25. Qb2 axb4 26. axb4 Qe6 27. Rfc1 Ra8 {½-½ (27) Pecorelli Garcia,H (2430)-Garcia,G (2525) Santa Clara 1996}) 16... h4 {[%emt 0:00:56]} 17. Qe1 {[%emt 0:02:51]} Rad8 {[%emt 0:00:17]} 18. Kh2 {[%emt 0:00:41]} Rd6 {[%emt 0:00:48]} 19. Nc4 {[%emt 0:03:20]} Rg6 {[%emt 0:05:33]} 20. Ne5 {[%emt 0:00:22]} Rg3 {[%emt 0:00:05]} 21. Ne2 {[%emt 0:02:43]} Rxe3 {[%emt 0:01:06]} 22. Qf2 {[%emt 0:00:01] [#]} Rd3 $1 {[%emt 0:00:45]} 23. Nxd3 {[%emt 0:00:10]} exd3 {[%emt 0:00:01]} 24. Nc3 {[%emt 0:00:01]} Ng6 {[%emt 0:03:38]} 25. Rae1 {[%emt 0:01:33]} Qd8 {[%emt 0:00:01]} 26. Rxe8+ {[%emt 0:01:00]} Qxe8 {[%emt 0:00:01]} 27. Re1 {[%emt 0:01:57]} Qb8 {[%emt 0:00:01]} 28. Rf1 $11 {[%emt 0:00:46]} Qd6 {[%emt 0:00:14]} 29. Qe3 {[%emt 0:00:10]} b6 {[%emt 0:02:17]} 30. Na4 {[%emt 0:01:11]} Kh7 {[%emt 0:00:49]} 31. b3 {[%emt 0:00:11]} Nf8 {[%emt 0:01:19]} 32. Nb2 {[%emt 0:00:53]} Ne6 {[%emt 0:00:02]} 33. Nxd3 {[%emt 0:00:16]} Nxd4 {[%emt 0:00:04]} 34. Ne5 {[%emt 0:01:00]} f6 {[%emt 0:00:15]} 35. Nc4 {[%emt 0:00:02]} Qd7 {[%emt 0:00:20]} 36. Qe1 {[%emt 0:00:24]} g5 {[%emt 0:00:10]} 37. fxg5 {[%emt 0:00:04]} fxg5 {[%emt 0:00:01]} 38. Qe5 {[%emt 0:00:11]} c5 {[%emt 0:00:06]} 39. Ne3 {[%emt 0:00:12]} 1-0

[Event "Pia Cramling Ladies Open 2018"]
[Site "Stockholm"]
[Date "2018.09.01"]
[Round "4"]
[White "Bengtsson, Jessica"]
[Black "Tuominen, Tanja"]
[Result "1-0"]
[WhiteElo "1986"]
[BlackElo "2076"]
[Annotator "NA"]
[PlyCount "82"]
[EventDate "2018.09.01"]
[EventType "swiss"]
[EventCountry "SWE"]
[SourceTitle "playchess.com"]
[Source "ChessBase"]
[SourceQuality "1"]
[TimeControl "1800+10"]

1. e4 {[%emt 0:00:00]} c5 {[%emt 0:00:00]} 2. c3 {[%emt 0:00:02]} Nf6 {[%emt 0:00:00]} 3. e5 {[%emt 0:00:13]} Nd5 {[%emt 0:00:01]} 4. d4 {[%emt 0:00:00]} cxd4 {[%emt 0:00:11]} 5. Nf3 {[%emt 0:00:09]} e6 {[%emt 0:00:26]} 6. cxd4 {[%emt 0:00:06]} b6 {[%emt 0:00:05]} 7. Nc3 {[%emt 0:00:30]} Nxc3 {[%emt 0:00:38]} 8. bxc3 {[%emt 0:00:04]} Bb7 {[%emt 0:01:27]} 9. Bd3 {[%emt 0:00:28]} d6 {[%emt 0:01:03]} 10. O-O {[%emt 0:00:53]} Nd7 {[%emt 0:02:40]} 11. Re1 {[%emt 0:03:06]} Qc7 {[%emt 0:01:37]} 12. Bf4 {[%emt 0:07:34]} a6 {[%emt 0:08:44]} 13. Qe2 {[%emt 0:08:36]} Qc6 {[%emt 0:07:21]} 14. d5 {[%emt 0:07:50]} Qxd5 {[%emt 0:01:03]} 15. Bc4 {[%emt 0:00:15]} Qc6 {[%emt 0:00:10]} 16. exd6 {[%emt 0:00:46]} Nc5 {[%emt 0:03:59]} 17. Rad1 {[%emt 0:00:59]} O-O-O {[%emt 0:00:15]} 18. Qe5 {[%emt 0:01:04]} Rd7 {[%emt 0:00:19]} 19. Qe2 {[%emt 0:00:19]} Bxd6 {[%emt 0:00:30]} 20. Be3 {[%emt 0:00:06]} Ne4 {[%emt 0:01:06]} 21. Rc1 {[%emt 0:00:14]} b5 {[%emt 0:00:56]} 22. Bb3 {[%emt 0:00:05]} Nc5 {[%emt 0:00:10]} 23. Bxc5 {[%emt 0:00:09]} Bxc5 {[%emt 0:00:04]} 24. Qf1 {[%emt 0:00:14]} Qc7 {[%emt 0:00:16]} 25. c4 {[%emt 0:00:04]} b4 {[%emt 0:00:04]} 26. Ba4 {[%emt 0:00:12]} Rd6 {[%emt 0:00:24]} 27. Rcd1 {[%emt 0:00:13]} Bxf3 {[%emt 0:00:15]} 28. gxf3 {[%emt 0:00:01]} Rhd8 {[%emt 0:00:11]} 29. Qe2 {[%emt 0:00:16]} Rxd1 {[%emt 0:00:38]} 30. Rxd1 {[%emt 0:00:02]} Rxd1+ {[%emt 0:00:05]} 31. Qxd1 {[%emt 0:00:01]} Qe7 {[%emt 0:00:13]} 32. Qd2 {[%emt 0:00:25]} Bd6 {[%emt 0:00:13]} 33. Kg2 {[%emt 0:00:16]} Kc7 {[%emt 0:00:02]} 34. Qe3 {[%emt 0:00:09]} Bc5 {[%emt 0:00:15]} 35. Qf4+ {[%emt 0:00:10]} e5 {[%emt 0:00:12]} 36. Qe4 {[%emt 0:00:12]} Qd6 {[%emt 0:00:04]} 37. Kf1 {[%emt 0:00:12]} g6 {[%emt 0:00:10]} 38. Kg2 {[%emt 0:00:06]} Qf6 {[%emt 0:00:21]} 39. h4 {[%emt 0:00:13]} Be7 {[%emt 0:00:08]} 40. Qa8 {[%emt 0:00:12]} Qb6 {[%emt 0:00:12]} 41. Qe8 {[%emt 0:00:07]} Qe6 1-0

[Event "Pia Cramling Ladies Open 2018"]
[Site "Stockholm"]
[Date "2018.09.01"]
[Round "4"]
[White "Puuska, Heini"]
[Black "Berg, Maria"]
[Result "1-0"]
[WhiteElo "1961"]
[BlackElo "1722"]
[Annotator "NA"]
[PlyCount "74"]
[EventDate "2018.09.01"]
[EventType "swiss"]
[EventCountry "SWE"]
[SourceTitle "playchess.com"]
[Source "ChessBase"]
[SourceQuality "1"]
[TimeControl "1800+10"]

1. d4 {[%emt 0:00:19]} d5 {[%emt 0:00:00]} 2. Bg5 {[%emt 0:00:12]} Bf5 {[%emt 0:00:35]} 3. Nf3 {[%emt 0:00:30]} Nd7 {[%emt 0:00:56]} 4. c4 {[%emt 0:00:47]} Ngf6 {[%emt 0:00:33]} 5. cxd5 {[%emt 0:00:42]} Nxd5 {[%emt 0:01:17]} 6. Nc3 {[%emt 0:00:43]} N7b6 {[%emt 0:00:41]} 7. e3 {[%emt 0:01:02]} f6 {[%emt 0:04:11]} 8. Bh4 {[%emt 0:00:19]} e6 {[%emt 0:00:23]} 9. Bd3 {[%emt 0:01:45]} Bxd3 {[%emt 0:01:09]} 10. Qxd3 {[%emt 0:00:09]} Bd6 {[%emt 0:01:22]} 11. O-O {[%emt 0:01:17]} Qd7 {[%emt 0:01:28]} 12. Rac1 {[%emt 0:02:01]} a6 {[%emt 0:04:36]} 13. a3 {[%emt 0:02:16]} O-O {[%emt 0:00:13]} 14. Ne4 {[%emt 0:00:49]} Rae8 {[%emt 0:01:41]} 15. Nc5 {[%emt 0:01:41]} Bxc5 {[%emt 0:02:32]} 16. dxc5 {[%emt 0:03:45]} Ne7 {[%emt 0:04:08]} 17. Qb3 {[%emt 0:01:54]} Qd5 {[%emt 0:01:10]} 18. Qc2 {[%emt 0:01:36]} Nbc8 {[%emt 0:00:48]} 19. Rfd1 {[%emt 0:00:44]} Qh5 {[%emt 0:01:21]} 20. Bg3 {[%emt 0:02:40]} c6 {[%emt 0:00:40]} 21. Rd7 {[%emt 0:00:33]} b5 {[%emt 0:00:16]} 22. Nd4 {[%emt 0:01:20]} e5 {[%emt 0:02:19]} 23. Ne6 {[%emt 0:01:22]} Rf7 {[%emt 0:00:02]} 24. Nc7 {[%emt 0:00:30]} Ref8 {[%emt 0:00:22]} 25. Nxa6 {[%emt 0:00:39]} Nd5 {[%emt 0:00:06]} 26. Rxf7 {[%emt 0:00:15]} Qxf7 {[%emt 0:00:26]} 27. e4 {[%emt 0:00:47]} Nc7 {[%emt 0:00:25]} 28. Nb4 {[%emt 0:00:12]} Qe6 {[%emt 0:00:31]} 29. Rd1 {[%emt 0:00:22]} Re8 {[%emt 0:00:25]} 30. f3 {[%emt 0:00:20]} Kh8 {[%emt 0:00:10]} 31. Bf2 {[%emt 0:00:06]} h6 {[%emt 0:00:07]} 32. Rd3 {[%emt 0:00:13]} Re7 {[%emt 0:00:16]} 33. Rd8+ {[%emt 0:00:30]} Re8 {[%emt 0:00:02]} 34. Qd3 {[%emt 0:00:32]} Rxd8 {[%emt 0:00:17]} 35. Qxd8+ {[%emt 0:00:01]} Ne8 {[%emt 0:00:02]} 36. h3 {[%emt 0:00:19]} Kh7 {[%emt 0:00:02]} 37. Be3 {[%emt 0:00:19]} Na7 1-0